| 000 | 00947cam a2200217 4500 | ||
|---|---|---|---|
| 001 | ABS65192 | ||
| 008 | 020307n2002 000 0 eng u | ||
| 035 | _a(Sirsi) u117043 | ||
| 100 | _aHillson, D. | ||
| 245 | _aProfessional measure | ||
| 260 | _c2002 | ||
| 490 |
_aProject Management _v14(1) February 2002, 32(1) |
||
| 520 | _aLooks at ways to measure professionalism, and whether that role should be carried out by a professional project manager. Reports on the development of a risk professionalism manifesto, aiming to provide a series of criteria against which the relationship between a risk management practitioner and a client can be tested, to determine whether it can be described as professional or not. Contains first draft of the manifesto. | ||
| 590 | _aABS | ||
| 650 | _aRISK MANAGEMENT | ||
| 650 | _aPROFESSIONALISM | ||
| 650 | _aCOMPETENCE | ||
| 690 |
_aProject management _96261 |
||
| 700 | _aWard, A. | ||
| 942 | _n0 | ||
| 999 |
_c69730 _d69730 |
||